| 000 | 00832nam a2200217 a 4500 | ||
|---|---|---|---|
| 001 | 000025619 | ||
| 005 | 20200930023924.0 | ||
| 008 | 110218s1967 sp r 001 0 spa d | ||
| 040 |
_aDO-SdBNP _bspa _cBNPHU |
||
| 082 |
_axxxxx _bP832q |
||
| 245 | 0 | 1 |
_a¿Por qué creemos? : _bfundamentación y defensa de la fe en 40 tesis / _ctraducción Alejandro Esteban Lator Ros ; dirección Walter kern , [et. al.]... |
| 260 |
_aBarcelona, España : _bHerder, _c1967. |
||
| 300 |
_a495 p. ; _c22 cm. |
||
| 500 | _aIncluye referencia bibliográfica p. [461-471]. | ||
| 500 | _aIncluye índice de nombres. | ||
| 500 | _aIncluye índice de materias. | ||
| 504 | _aIncluye referencias bibliográficas y notas al pie de las páginas. | ||
| 700 | 1 |
_aLator Ros, Alejandro Esteban, _etr. _952311 |
|
| 700 | 1 |
_akern, Walter _952312 |
|
| 049 | _aBNGR | ||
| 999 |
_c25111 _d25111 |
||